000
00297nam a22001337a 4500
008
170920b xxu||||| |||| 00| 0 eng d
020
_a
9780739454800
041
_a
eng
080
_a
7
100
_a
44
101
_a
ART
245
_a
ENIGMAS Y MISTERIOS DEL MUNDO
_c
COLIBRI, E
942
_2
udc
_c
BK
999
_c
28385
_d
28385